000
00185 a2200097 4500
001
495
100
_a
Seely,S
245
_a
Radio Electronics
260
_a
_b
McGraw
_c
090
_c
107
_d
107
942
_a
NUST-CAE
_c
M
_c
780
999
_c
235568
_d
235568